Ovocie ducha

Bibliographic Details
Main Author: Uhri, Vladimir (Author)
Format: Book
Language:Slovak
PhysicalDescription:50 s. 22 cm
Published: Medford New Creation Publishing 1995
ISBN:1569830169
Subjects:

MARC

LEADER 00000nam a2200000 a 4500
001 vtls001219755
003 SK-MaSNL
005 20260301063805.0
008 240318s1995 US r slo
015 |a ZS1996/0000172 
020 |a 1569830169 
035 |a SNK000164168 
035 |a urn:nbn:sk:snk-amkfa1 
035 |a urn:nbn:sk:snk-am003dtd 
035 |a AAD13A1E-C61C-4C16-BE76-A9E61C12E8F7 
040 |a SNK  |b slo  |c SNK  |e AACR2 
041 0 |a slo 
044 |a US 
080 |a 242  |2 1981 
100 1 |a Uhri, Vladimir  |4 aut  |9 283757 
245 1 0 |a Ovocie ducha  |c Vladimir Uhri 
260 |a Medford  |b New Creation Publishing  |c 1995 
300 |a 50 s.  |c 22 cm 
650 0 7 |a viera kresťanská  |x úvahy náboženské  |2 SNK  |9 283944 
655 7 |a príručky  |2 SNK  |9 74364 
919 |a 1-56983-016-9 
958 |a ZS 
958 |a TL 
958 |a US 
999 |c 624939  |d 626869 
952 |t P60, <03>, [BOOK], {603}  |a SNK  |b SNK  |y PREZ  |7 0  |p 17A0008548  |o snkSC 91093  |i snkV 1328/96  |0 0  |1 0  |4 0  |d 1996-08-08  |f 1  |l 0  |r 2025-09-10 00:00:00  |w 2026-02-23 
952 |t P60, <04>, [BOOK], {604}  |a SNK  |b SNK  |y VYP  |7 0  |p 17A0008555  |o snkSC 91093 D1  |i snkV 1329/96  |0 0  |1 0  |4 0  |d 1996-08-08  |l 0  |r 2005-01-01 00:00:00  |w 2026-02-23